Baberowski, Jörg, 1961-. Ordnung durch Terror. - Bonn : Dietz. - 2006 [Rezension]
| Titel: | Baberowski, Jörg, 1961-. Ordnung durch Terror. - Bonn : Dietz. - 2006 [Rezension] |
|---|---|
| Verfasser: | |
| In: |
Neue politische Literatur, Band 52, Heft 3 (2007), Seite 477-478 alle Artikel anzeigen |
| Veröffentlicht: | 2007 |
| Format: | Aufsatz |
| Sprache: | Deutsch |
X
alg: 39510620 001A $01999:12-11-16 001B $01999:04-08-21 $t21:04:58.000 001D $01999:12-11-16 001U $0utf8 001X $00 002@ $0Aox 003@ $0395106206 007A $0395106206 $aHEB 007T $0Herdc0109622m 010@ $ager 011@ $a2007 021A $aBaberowski, Jörg, 1961-. Ordnung durch Terror. - Bonn : Dietz. - 2006 [Rezension] 028A $aWiaderny $dBernard 031A $d52 $e3 $h477-478 $j2007 039B $aIn $8--Abvc--. Neue politische Literatur. - Wiesbaden : Springer VS, 1956-. - ISSN 0028-3320 $x200700000520003523 $9046846980 039T $8--Aau--Baberowski, Jörg$Z1961- [Tp1]. Ordnung durch Terror. - Bonn : Dietz, 2006. - 116 S.. - ISBN 978-3-8012-0368-9 $918192840X 045F $a900.9437 $eDDC23BSB 045F/01 $a900 045F/03 $g437 045F/03 $g438 045T $a3,6 lok: 39510620 78 exp: 39510620 78 1 #EPN 201B/01 $018-11-16 $t13:45:50.000 201U/01 $0utf8 203@/01 $0791404846 208@/01 $a12-11-16 $be 209A/01 $a/ $f000 $x00 220C/01 $aTitelaufnehmer: pg 220C/01 $aHerkunft: HI Marburg 244Z/01 $2Trx $#Kesk- ja Ida- Euroopa kontseptsioonid $#Vidurio Europos koncepcijos $#East-Central Europe $#Keletközépeurópa-eszmék $#Europa Środkowo-Wschodnia koncepcje $#Európa stredovýchodná koncepcie $#Evropa střední, východní část koncepce $#Mitteleuropa $#Osteuropakonzeptionen $#Europa Środkowa koncepcje $#Stredná Európa koncepcie $#Střední Europa koncepce $8--Trx--Ostmitteleuropakonzeptionen $x01 $9391364286 244Z/01 $2Trx $#Poola $#Lenkija $#Polija $#Polen Land $#Poland $#Lengyelország $#Poľsko $#Polsko $8--Trx--Polska$gkraj $x02 $9391345966 244Z/01 $2Trx $#arvustused $#recenzijos $#Reviews $#recenziók $#recenzje $#recenzie $#recenze $8--Trx--Rezensionen $x03 $9391357441 247C/01 $82080>Marburg/Lahn, Herder-Institut, Forschungsbibliothek, Bibliographieportal $9336309341
| LEADER | 00000caa a22000002c 4500 | ||
|---|---|---|---|
| 001 | 395106206 | ||
| 003 | DE-603 | ||
| 005 | 20210804210458.0 | ||
| 007 | tu | ||
| 008 | 161112s2007 xx |||| | u00||u|ger c | ||
| 035 | |a (DE-599)HEB395106206 | ||
| 040 | |a DE-603 |b ger |c DE-603 |d DE-603 | ||
| 041 | |a ger | ||
| 082 | 0 | 4 | |8 1\u |a 900.9437 |q DE-101 |2 23/BSB |
| 084 | |a 3,6 |2 ssgn | ||
| 085 | |8 1\u |b 900 | ||
| 085 | |8 1\u |z 2 |s 437 | ||
| 085 | |8 1\u |z 2 |s 438 | ||
| 100 | 1 | |a Wiaderny, Bernard | |
| 245 | 0 | 0 | |a Baberowski, Jörg, 1961-. Ordnung durch Terror. - Bonn : Dietz. - 2006 [Rezension] |
| 264 | 0 | |c 2007 | |
| 773 | 0 | 8 | |i In |t Neue politische Literatur |d Wiesbaden : Springer VS, 1956- |x 0028-3320 |g Band 52, Heft 3 (2007), Seite 477-478 |w (DE-603)046846980 |w (DE-600)3402-2 |
| 787 | 0 | 8 | |i Rezension von |a Baberowski, Jörg, 1961- |t Ordnung durch Terror |d Bonn : Dietz, 2006 |h 116 S. |z 3801203689 |z 9783801203689 |w (DE-603)18192840X |
| 924 | 0 | |9 2080 |a (DE-603)791404846 |b DE-2080 |c HES |d d |g / | |


